| 000 | 00661nam a2200217Ia 4500 | ||
|---|---|---|---|
| 003 | OSt | ||
| 005 | 20240801103404.0 | ||
| 008 | 210210b1978 xxu||||| |||| 00| 0 eng d | ||
| 040 | _cAL | ||
| 041 | _akan | ||
| 082 | _aK894.209 MARK | ||
| 100 |
_aMARULASIDDHAPPA (K): _dಮರುಳಸಿದ್ದಪ್ಪ (ಕೆ) _9174665 |
||
| 245 |
_aKannada nataka vimarshe: _bಕನ್ನಡ ನಾಟಕ ವಿಮರ್ಶೆ |
||
| 260 |
_aBengaluru _bBengaluru Vishvavidyanilaya _c1978 |
||
| 300 | _aviii,451 | ||
| 650 |
_anataka:vimarshe. _9174666 |
||
| 650 |
_aKannada _9174667 |
||
| 690 |
_aKannada Drama Criticism _9174668 |
||
| 906 | _a033566 | ||
| 942 |
_2ddc _cBK |
||
| 999 |
_c84416 _d84416 |
||